Statistics for Glasgow Celtic

Click here to take the quiz!

General Stats

  • This quiz has been taken 137 times
  • The average score is 10 of 18

Answer Stats

Hint Answer % Correct
Henrik Larsson
97%
Chris Sutton
90%
Bobo Balde
86%
Robert Douglas
80%
Didier Agathe
79%
Neil Lennon
79%
Alan Thompson
73%
Stiliyan Petrov
69%
Paul Lambert
63%
Johan Mjallby
54%
Jackie McNamara
50%
Shaun Maloney
50%
Mohammed Sylla
43%
Magnus Hedman
37%
Joos Valgaeren
37%
Ulrik Laursen
27%
Jamie Smith
17%
David Fernandez
17%

Score Distribution

Percentile by Number Answered

Percent of People with Each Score

Your Score History

You have not taken this quiz